000 01353nam a2200241 i 4500
001 161790
003 ES-MaACL
005 20250901063135.0
008 931025s1733 sp ax |||| | spa d
040 _aCAM
_bspa
_cPAB
100 1 _aPérez de Herrera, Cristóbal,
_dca. 1556-1620
_9131485
245 1 0 _aProverbios morales y consejos christianos
_b: muy provechosos para concierto y espejo de vida ..., y enigmas philosoficas, naturales y morales, con sus comentos : adornadas con trece emblemas y sus estampas mui curiosas, apropiadas à sus assuntos /
_csu autor el doctor Cristoval Perez de Herrera, medico de Camara de su Magestad.
260 _aEn Madrid :
_bpor los Herederos de Francisco del Hierro :
_bse hallarà en su casa ..., en la imprenta,
_c[1733?]
300 _a[24], 360, [ 8] p. :
_bil. ;
_c4\pa\s.
530 _aDisponible también en sitio web.
596 _aFecha de la tasa : 1733.
597 _aIniciales florentinas.
599 _aLas il. son grabados xilográficos con orla a toda plana, intercalados en el texto.
650 _aMoral cristiana-
_vObras anteriores a 1800.
_9144661
852 _aES-MaACL
_jR-3313
_z-- Enc. pasta española
856 _uhttp://bibliotecadigitalhispanica.bne.es:80/webclient/DeliveryManager?pid=2704589&custom_att_2=simple_viewer
_zIr a la página
999 _c161790
_d161790